| 000 | 00333cam a22001217a 4500 | ||
|---|---|---|---|
| 008 | 180718b1989 xxu||||| |||| 00| 0 eng d | ||
| 082 | _aXA37x5444 D535 CRS | ||
| 100 | _aDhadave, M.S. | ||
| 245 |
_aSociology of slum _cby M.S. Dhadave |
||
| 260 |
_aDelhi _bArchives Books _c1989 |
||
| 300 | _a218p. | ||
| 650 | _aSlums - India - Karnataka | ||
| 999 |
_c344112 _d344112 |
||